Geography Quiz

Random Geography or City Quiz

100 largest metropolitan areas of the Americas Quiz Stats

 Plays Quiz not verified by Sporcle

Challenge
Share
Tweet
Embed
Score 0/100 Timer 15:00
0 Plays Today
Population Metro % Correct
23,300,000Mexico City
98.7%
21,500,000New York
98.3%
17,000,000Los Angeles
98.3%
5,800,000Houston
96.2%
6,250,000Dallas
95.6%
3,875,000Seattle
95.4%
7,200,000Boston
94.9%
7,250,000Philadelphia
94.7%
5,750,000Miami
94.5%
7,150,000San Francisco
94.3%
12,700,000Rio de Janeiro
93.2%
5,350,000Atlanta
92.6%
5,850,000Toronto
92.4%
8,000,000Washington
92.2%
4,175,000Phoenix
91.4%
14,300,000Buenos Aires
90.9%
9,750,000Chicago
90.7%
3,975,000Montreal
90.5%
3,125,000San Diego
90.5%
21,200,000Sao Paulo
90.3%
5,600,000Detroit
90.3%
3,275,000Denver
90.1%
2,425,000Vancouver
90.1%
1,770,000San Jose
89.9%
9,000,000Bogota
88.8%
6,100,000Santiago
88.8%
2,200,000Portland
88.8%
9,450,000Lima
87.6%
2,225,000Havana
87.6%
2,950,000Minneapolis
87.1%
1,920,000San Antonio
86.9%
4,075,000Brasilia
86.1%
4,525,000Caracas
85.7%
2,350,000St Louis
85.7%
Population Metro % Correct
3,075,000Cleveland
85.4%
1,890,000Kansas City
85%
1,590,000Austin
84.8%
2,050,000Pittsburgh
84.2%
1,310,000Panama City
83.1%
3,900,000Tampa
82.9%
2,075,000Las Vegas
82.9%
1,290,000Jacksonville
82.7%
2,700,000Cincinnati
81.9%
1,870,000Indianapolis
81.6%
1,600,000Columbus
81.2%
1,730,000Quito
80.6%
1,290,000Nashville
79.3%
1,280,000Calgary
79.1%
2,900,000Orlando
78.7%
2,200,000Charlotte
78.7%
2,025,000La Paz
77.4%
1,530,000Milwaukee
77.2%
4,850,000Guadalajara
76.6%
1,290,000Ottawa
76.2%
2,800,000Guatemala City
75.1%
1,780,000Montevideo
75.1%
2,600,000Port-au-Prince
74.9%
1,950,000Sacramento
74.7%
3,375,000Santo Domingo
72.4%
4,500,000Monterrey
70.5%
1,420,000Raleigh
68.8%
1,320,000Buffalo
68.8%
2,200,000Salt Lake City
67.9%
1,890,000Tijuana
66.5%
5,850,000Belo Horizonte
66.2%
2,325,000Asuncion
66%
1,250,000Managua
65.6%
1,810,000San Salvador
64.8%
Population Metro % Correct
3,700,000Medellin
62%
2,275,000San Juan
61.2%
3,975,000Recife
59.9%
1,580,000Virginia Beach
58.6%
4,175,000Porto Alegre
53.8%
1,480,000Ciudad Juarez
52.5%
3,750,000Salvador
52.1%
2,625,000Guayaquil
52.1%
2,850,000Cali
51.9%
1,940,000Manaus
50.4%
1,500,000Cordoba
47.3%
3,850,000Fortaleza
44.3%
2,225,000Belem
43.5%
1,990,000Maracaibo
42.8%
1,870,000Santa Cruz
42.6%
1,710,000Hartford
40.7%
1,290,000Rosario
39.2%
2,925,000Puebla
36.9%
3,400,000Curitiba
36.5%
1,820,000Valencia
35.9%
1,230,000Cartagena
34%
1,750,000Leon
33.5%
1,920,000Barranquilla
30.6%
1,340,000Natal
28.7%
3,050,000Campinas
26.4%
1,400,000Sao Luis
24.5%
1,800,000Santos
21.7%
2,000,000Toluca
19%
1,810,000Vitoria
16%
1,240,000Maceio
15.2%
1,300,000Torreon
14.6%
1,260,000Maracay
12%

You're not logged in!

Compare scores with friends on all Sporcle quizzes.
OR
Log In

You Might Also Like...

Show Comments

Extras

Top Quizzes Today


Score Distribution

Your Account Isn't Verified!

In order to create a playlist on Sporcle, you need to verify the email address you used during registration. Go to your Sporcle Settings to finish the process.

Report this User

Report this user for behavior that violates our Community Guidelines.

Details: